Southville International School and Colleges
Your cart is empty.
  • Cart
  • Lists
    Public lists Eva Luna New books Lux_list list_1
    Your lists Log in to create your own lists
  • Log in to your account
  • Your cookies
  • Search history
Southville International School and Colleges
  • Advanced search
  • Recent comments
  • Most popular
  • Libraries

Log in to your account

Log in with GOOGLE


If you do not have an external account, but do have a local account, you can still log in:

  1. Home
  2. MARC view: Space travel /
Normal view MARC view ISBD view

Space travel / (Record no. 11990)

[ view plain ]
MARC details
000 -LEADER
fixed length control field 00503nam a22001937a 4500
003 - CONTROL NUMBER IDENTIFIER
control field OSt
005 - DATE AND TIME OF LATEST TRANSACTION
control field 20140310182331.0
008 - FIXED-LENGTH DATA ELEMENTS--GENERAL INFORMATION
fixed length control field 130313t xxu||||| |||| 00| 0 eng d
020 ## - INTERNATIONAL STANDARD BOOK NUMBER
International Standard Book Number 1854340883
050 ## - LIBRARY OF CONGRESS CALL NUMBER
Classification number TL 793
Item number .G738 1991
082 ## - DEWEY DECIMAL CLASSIFICATION NUMBER
Classification number GS 629.47
Item number G76 1991
100 ## - MAIN ENTRY--PERSONAL NAME
Personal name Graham, Ian
9 (RLIN) 20999
245 ## - TITLE STATEMENT
Title Space travel /
Statement of responsibility, etc Ian Graham.
260 ## - PUBLICATION, DISTRIBUTION, ETC. (IMPRINT)
Place of publication, distribution, etc New York :
Name of publisher, distributor, etc DK,
Date of publication, distribution, etc 1991
300 ## - PHYSICAL DESCRIPTION
Extent 31 p. :
Other physical details col. ill. ;
Dimensions 29 cm.
650 ## - SUBJECT ADDED ENTRY--TOPICAL TERM
Topical term or geographic name as entry element Space vehicles
9 (RLIN) 21439
942 ## - ADDED ENTRY ELEMENTS (KOHA)
Source of classification or shelving scheme Library of Congress Classification
Koha item type
Holdings
Withdrawn status Lost status Source of classification or shelving scheme Damaged status Home library Current library Shelving location Date acquired Total Checkouts Full call number Barcode Date last seen Copy number Price effective from Koha item type
    Library of Congress Classification   Luxembourg Library Luxembourg Library Grade School Section 09/24/2013   TL 793 .G738 1991 4879 09/24/2013 1 09/24/2013 Books
    Library of Congress Classification   Luxembourg Library Luxembourg Library Grade School Section 09/24/2013   TL 793 .G738 1991 8793 09/24/2013 2 09/24/2013 Books

Space travel /

APA

Graham I., . (1991). Space travel. New York: DK.

Chicago

Graham Ian, . 1991. Space travel. New York: DK.

Harvard

Graham I., . (1991). Space travel. New York: DK.

MLA

Graham Ian, . Space travel. New York: DK. 1991.

  • Place hold
  • Print
  • Cite
  • Add to your cart (remove)
  • Save record
    BIBTEX Dublin Core MARCXML MARC (non-Unicode/MARC-8) MARC (Unicode/UTF-8) MARC (Unicode/UTF-8, Standard) MODS (XML) RIS
  • More searches
    Search for this title in:
    Other Libraries (WorldCat) Other Databases (Google Scholar) Online Stores (Bookfinder.com) Open Library (openlibrary.org)

Exporting to Dublin Core...

SOUTHVILLE LIBRARY

Southville International School and Colleges Library

1281 Tropical Ave. Cor. Luxembourg St., BF Homes International, Las Pinas City

Tel. No. 8256374 / 252358 Loc. 117/146

Powered by Koha